ბათუმის შოთა რუსთაველის სახელმწიფო უნივერსიტეტის ბიბლიოთეკა

წერილები.1 (ბიბ.ჩანაწერი № 48879)

000 -LEADER
fixed length control field 00760nam a2200217Ia 4500
001 - CONTROL NUMBER
control field 15782
003 - CONTROL NUMBER IDENTIFIER
control field GE_BSU
008 - FIXED-LENGTH DATA ELEMENTS--GENERAL INFORMATION
fixed length control field 181216s||||||||xx |||||||||||||| ||und||
040 ## - CATALOGING SOURCE
Transcribing agency GE_BSU
080 ## - UNIVERSAL DECIMAL CLASSIFICATION NUMBER
Universal Decimal Classification number 821.353.1-6
100 ## - MAIN ENTRY--PERSONAL NAME
Personal name ჭავჭავაძე, ი. (ილია, 1837-1907)
245 ## - TITLE STATEMENT
Title წერილები.1
245 ## - TITLE STATEMENT
Statement of responsibility, etc. იოსებ ბოცვაძის რედ., წინასიტყვ. და შენიშვნებით.
260 ## - PUBLICATION, DISTRIBUTION, ETC.
Place of publication, distribution, etc. სოხუმი
260 ## - PUBLICATION, DISTRIBUTION, ETC.
Name of publisher, distributor, etc. აფხაზეთის სახელგამი
260 ## - PUBLICATION, DISTRIBUTION, ETC.
Date of publication, distribution, etc. 1949
300 ## - PHYSICAL DESCRIPTION
Extent 207 გვ. : პორტრ.18 სმ
300 ## - PHYSICAL DESCRIPTION
Accompanying material პირთა საძ.: გვ. 195-201.
653 ## - INDEX TERM--UNCONTROLLED
Uncontrolled term წერილები
942 ## - ADDED ENTRY ELEMENTS (KOHA)
Koha item type წიგნი
ეგზემპლარები
Withdrawn status Lost status Damaged status Not for loan Date acquired Barcode Date last seen Price effective from Koha item type
        2018-12-17 39115 2018-12-17 2018-12-17 წიგნი
        2018-12-17 39116 2018-12-17 2018-12-17 წიგნი
        2018-12-17 39114 2018-12-17 2018-12-17 წიგნი